Highest Goalscorers in Champions League for Real Madrid - Statistics

General Stats
  • This quiz has been taken 786 times
    690 since last reset
  • The average score is 14 of 25
Answer Stats
# Goals Games Goals/Game Years Answer % Correct
1 105 101 1.04 2009-2018 Cristiano Ronaldo
100%
2 76 128 0.594 2009- Karim Benzema
99%
23 13 34 0.382 2002-2007 Ronaldo
98%
3 66 130 0.508 1994-2010 Raúl Gonzalez
94%
13 16 55 0.291 2013-2020 Gareth Bale
88%
4 49 58 0.845 1953-1964 Alfredo di Stéfano
84%
18 15 129 0.116 2005-2021 Sergio Ramos
81%
20 14 41 0.341 2018- Vinícius Júnior
81%
5 35 39 0.897 1958-1966 Ferenc Puskás
76%
22 13 34 0.382 2019- Rodrygo
73%
14 16 58 0.276 2000-2005 Luís Figo
62%
25 11 54 0.204 2016- Marco Asensio
55%
6 30 89 0.337 1953-1971 Paco Gento
53%
10 17 27 0.63 1985-1992 Hugo Sánchez
51%
12 17 58 0.293 1997-'03, 2004-'05 Fernando Morientes
50%
11 17 29 0.586 1983-1995 Emilio Butragueño
49%
21 13 19 0.684 2006-2010 Ruud van Nistelrooy
49%
16 16 107 0.15 1996-2007 Roberto Carlos
47%
15 16 97 0.165 1996-2010 Guti
40%
9 19 57 0.333 1963-1980 Pirri
23%
7 22 46 0.478 1971-1988 Santillana
21%
17 15 81 0.185 1999-2007 Iván Helguera
15%
8 21 52 0.404 1962-1976 Amancio Amaro
9%
19 14 23 0.609 1954-1961 Héctor Rial
4%
24 11 30 0.367 1964-1976 Ramón Grosso
2%
No matching quizzes found
Score Distribution
Percent of People with Each Score
Percentile by Number Answered
Your Score History
You have not taken this quiz since the last reset